| 000 | 01229cam a22002651 4500 | ||
|---|---|---|---|
| 001 | gs 11000246 | ||
| 003 | DLC | ||
| 005 | 20260227111311.0 | ||
| 008 | 870304s1909 mx abf 000 0 spa c | ||
| 010 | _ags 11000246 | ||
| 035 | _a(OCoLC)15268792 | ||
| 040 |
_aU.S. Geol. survey. Library _cTxDaM _dOCoLC _dDLC |
||
| 042 | _apremarc | ||
| 050 | 0 | 0 |
_aQE201 _b.A3 t. 2, núm 9 |
| 100 | 1 |
_aVillarello, Juan D., _d1869- |
|
| 245 | 1 | 0 |
_aHidrología subterránea de los alrededores de Pátzcuaro, Michoacán, _cpor el ingeniero de minas Juan D. Villarello. |
| 260 |
_aMéxico, _bImprenta y fototipia de la Secretaría de fomento, _c1909. |
||
| 300 |
_a2 p. l., [343]-384 p., 1 l., _billus., pl. LIX-LXII (incl. 2 fold. maps) _c23 cm. |
||
| 490 | 0 |
_aMéxico. Instituto geológico. Parergones. _vt. II, núm. 9 |
|
| 500 | _aAt head of title: Instituto geológico de México ... | ||
| 500 | _aMap on plate LXI accompanied by transparent leaf with outline drawing. | ||
| 500 | _a"El hundimiento del cerro de Sartenejas en los alrededores de Tetecala, estado de Morelos, por el ingeniero de minas Teodoro Flores": p. [363]-384. | ||
| 650 | 0 |
_aGroundwater _zMexico _zMichoacán de Ocampo. |
|
| 700 | 1 |
_aFlores, Teodoro _c(Mining engineer) |
|
| 999 |
_c25018 _d25018 |
||